000 00717nam a2200241Ia 4500
003 OSt
005 20221006164048.0
006 a|||||r|||| 00| 0
007 ta
008 221006b |||||||| |||| 00| 0 eng d
024 _a6,864
037 _cTextual
040 _aFML
_cFML
_beng
041 _2eng
_aeng
082 _aP122:uk, 111M5
100 _aAtkins Beryl T. Ed.
_9676528
245 0 _aFrench - English, English - French Dictonary
260 _aLondon
_bCollins Publication India
_c1985
300 _a781 + 717
_ccm.
700 _a Cousin Pierre Henri Au.
_9676529
942 _hP122:uk, 111M5
_cTEXL
_2CC
999 _c1116126
_d1116126